A+ Technician's on-the-job guide to windows XP (Record no. 155218)

MARC details
000 -LEADER
fixed length control field 00550nam a22001817a 4500
005 - DATE AND TIME OF LATEST TRANSACTION
control field 20180731170047.0
010 ## - LCCN (DPL NO)
LC control number B-107641
020 ## - INTERNATIONAL STANDARD BOOK NUMBER
International Standard Book Number 007053277X
035 ## - SYSTEM CONTROL NUMBER
System control number B-107641
037 ## - SOURCE OF ACQUISITION
Source of stock number/acquisition Tata McGraw-Hill Publishing Company Limited
082 ## - DEWEY DECIMAL CLASSIFICATION NUMBER
Classification number 005.43
100 ## - MAIN ENTRY--PERSONAL NAME
Personal name Simmons, Curt
245 ## - TITLE STATEMENT
Title A+ Technician's on-the-job guide to windows XP
Statement of responsibility, etc Curt Simmons
260 ## - PUBLICATION, DISTRIBUTION, ETC. (IMPRINT)
Place of publication, distribution, etc New Delhi
Name of publisher, distributor, etc Tata McGraw-Hill Publishing Company Limited
Date of publication, distribution, etc 2003
300 ## - PHYSICAL DESCRIPTION
Extent 564p.
Dimensions 24cm.(pbk)
942 ## - ADDED ENTRY ELEMENTS (KOHA)
Source of classification or shelving scheme Dewey Decimal Classification
Item type English Books
Classification part 005.43
Call number suffix SIM
Holdings
Withdrawn status Lost status Not for loan Collection code Home library Current library Date acquired Full call number Barcode Koha item type
      Non-fiction Sarojini Nagar Sarojini Nagar 31/07/2018 005.43 SIM B-107641 English Books

© Delhi Public Library
Hit Counter
free hit counter